00738 2200265 4500001002100000005001500021035002000036007000300056008004100059020002200100082001200122084001800134100003100152245006500183250001000248260003300258300002900291650004300320700001900363700001900382700001800401504003100419990001100450990001100461INLIS00000000000340420090103031247 a0010-0109000067ta090103 g 0 ind  a978-979-030-318-9 a297.921 a297.921 ALI b0 aALI, Muhammad Ash- Shalaby1 aBiografi Abu Bakar Ash- Shiddiq /cAli Muhammad Ash- Shalaby acet.2 aJakarta :bUmmul Qura,c2018 axxviii, 638 hlm ;c24 cm 4aISLAM. BIOGRAFI ABU BAKAR ASH- SHIDDIQ0 aISMAIL, Jalili0 aCHEP, M. Faqih0 aAGUS, Suwandi aBinbliografi: hlm. 625-638 a6598 a a6598 b